Statistics for WWE 1980s Multiple Choice Quiz

Click here to take the quiz!

General Stats

  • This quiz has been taken 259 times
  • The average score is 11 of 15

Answer Stats

QuestionAnswer% Correct
What was Randy Savage's finishing move?Flying Elbow Drop
95%
True or False - Rick Rude is a former Intercontinental Champion?True
90%
Ax and Smash were a popular tag team known as...Demolition
89%
Andre The Giant and Haku were known as what team...The Colossal Connection
89%
Where was Hulk Hogan billed from?Venice Beach, California
89%
Who was Davey Boy Smith's partner in The British Bulldogs tag team?The Dynamite Kid
87%
Who ended Hulk Hogan's first reign as WWE Champion?Andre The Giant
79%
Who did Hulk Hogan defeat in 1984 to capture his first WWE Championship?The Iron Sheik
78%
Who was the manager of The Brain Busters tag team?Bobby Heenan
71%
What was the main event of WrestleMania V (1989)?Hulk Hogan vs. Randy Savage
71%
No Holds Barred: The Match / The Movie (1989) pitted Hulk Hogan and Brutus Beefcake against Randy Savage and which partner?Zeus
71%
Who were the members of The Dream Team?Brutus Beefcake and Greg Valentine
62%
The Red Rooster defeated Bobby Heenan at WrestleMania V (1989). How quickly did he win the match?30 seconds
56%
What was the first ever match in the history of WrestleMania?Tito Santana vs. The Executioner
48%
Who won the Wrestling Classic pay-per-view tournament in 1985?The Junkyard Dog
28%

Score Distribution

Percentile by Number Answered

Percent of People with Each Score

Your Score History

You have not taken this quiz